Weiter zum Inhalt

Инновационный сектор мировой экономики. Понятия, концепции, индикаторы развития учебное пособие

В учебном пособии дана подробная характеристика терминов и понятий инновационной экономики, рассмотрены проблемы неравномерного технологического развития стран и регионов мира, исследуются факторы и условия перехода к инновационному развитию. Показана роль наукоемких отраслей хозяйства в социально-э...

Ausführliche Beschreibung

Gespeichert in:
Bibliographische Detailangaben
1. Verfasser: Ковалев, Ю. Ю. (070)
Format: Книга
Schlagworte:
Online Zugang:Перейти к просмотру издания
Tags: Tag hinzufügen
Keine Tags, Fügen Sie den ersten Tag hinzu!
LEADER 03521nam0a2200409 4500
001 RU/IPR SMART/68430
856 4 |u https://www.iprbookshop.ru/68430.html  |z Перейти к просмотру издания 
801 1 |a RU  |b IPR SMART  |c 20250903  |g RCR 
010 |a 978-5-7996-1736-3 
205 |a Инновационный сектор мировой экономики. Понятия, концепции, индикаторы развития  |b 2028-05-01 
333 |a Гарантированный срок размещения в ЭБС до 01.05.2028 (автопролонгация) 
100 |a 20250903d2016 k y0rusy01020304ca 
105 |a y j 000zy 
101 0 |a rus 
102 |a RU 
200 1 |a Инновационный сектор мировой экономики. Понятия, концепции, индикаторы развития  |e учебное пособие  |f Ю. Ю. Ковалев 
700 1 |a Ковалев,   |b Ю. Ю.  |4 070 
330 |a В учебном пособии дана подробная характеристика терминов и понятий инновационной экономики, рассмотрены проблемы неравномерного технологического развития стран и регионов мира, исследуются факторы и условия перехода к инновационному развитию. Показана роль наукоемких отраслей хозяйства в социально-экономическом развитии территорий, дан анализ основных концепций инновационного развития. Представлены географические аспекты глобального инновационного процесса. Практическая часть учебного пособия включает комплекс заданий и вопросов для самостоятельной работы. В конце пособия дан большой статистический материал по индикаторам инновационного развития стран мира. Для студентов, изучающих дисциплины «Глобальное управление в международной деятельности», «Управление проектами в международной деятельности». 
210 |a Екатеринбург  |c Уральский федеральный университет, ЭБС АСВ  |d 2016 
610 1 |a инновационный сектор 
610 1 |a мировая экономика 
610 1 |a инновационная экономика 
610 1 |a постиндустриальное общество 
610 1 |a экологическая инновация 
610 1 |a высокотехнологичная продукция 
610 1 |a изобретательская активность 
610 1 |a наукоемкая отрасль 
610 1 |a социальный капитал 
675 |a 330.3 
686 |a 65.050  |2 rubbk 
300 |a Книга находится в премиум-версии IPR SMART. 
106 |a s 
230 |a Электрон. дан. (1 файл) 
336 |a Текст 
337 |a электронный 
503 0 |a Доступна эл. версия. IPR SMART 
215 |a 180 с. 
Cannot write session to /tmp/vufind_sessions/sess_2td9iu91hk5ob3rs43vsf0tqva